| 000 | 00651nam a22001937a 4500 | ||
|---|---|---|---|
| 005 | 20250625154944.0 | ||
| 010 | _aENG-145562 | ||
| 020 |
_a9788119670949 _c495.00 |
||
| 035 | _aEN-129094 | ||
| 037 | _bDBAD | ||
| 082 |
_a181.4 _21 |
||
| 100 |
_aKhullar, Ruplekha _982355 |
||
| 245 |
_aChanging The Lens: _bExploring The Depths Of Film And Philosophy/ _cRuplekha Khullar [and] Sulagha Pal |
||
| 260 |
_aNew Delhi _bVitasta Publishing _c2024 |
||
| 270 |
_a2/15,Ansari Road,Daryaganj, _bNew Delhi _e110002 _mvitastapublishing.com |
||
| 300 |
_axxi, 170p. _c21cm(Hb) |
||
| 700 |
_aPal, Sulagha _982356 |
||
| 942 |
_2ddc _cEN _h181.4 _mKHU |
||
| 999 |
_c211956 _d211956 |
||